00923nam a2200205 i 450000100060000000300090000600500170001500700030003200800410003524502050007626000470028130000270032865000360035565100320039171000740042371000600049785200220055799900170057995201210059682874ES-MaACL20250603171455.0t|041112s1935 sp ||||1| spa d00aExtranjeros inscritos en el censo de población de 1930 clasificados por los países de su nacionalidad / cInstituto Geográfico Catastral y de Estadística, Presidencia del Consejo de Ministros. aMadrid : b[s.n.], c1935 (fAugusto Boue) aXII, 498 p. ; c27 cm. 4aExtranjeros-zEspaña.9146056 7aEspaña-xCensos291557552 aInstituto Geográfico, Catastral y de Estadística (España)950721 aEspaña. bPresidencia del Consejo de Ministros.93950 aES-MaACLjC-13342 c82874d82874 00104070aATENEOMbATENEOMcSPALd2008-01-17eSCl0oC-13342p1086607r2023-02-23 00:00:00w2023-02-23yMONOGRAFIA